| 000 | 01217cam a2200313 i 4500 | ||
|---|---|---|---|
| 999 |
_c57690 _d57690 |
||
| 001 | 19563659 | ||
| 005 | 20221105211847.0 | ||
| 008 | 170320s2018 paua b 001 0 eng | ||
| 010 | _a 2017013157 | ||
| 020 | _a9781496354044ნ 1 | ||
| 035 | _a(DNLM)101702498 | ||
| 041 | _aeng | ||
| 080 | _a611 M-83 | ||
| 100 | 1 |
_aMoore, Keith L., _eauthor. _99461 |
|
| 245 | 1 | 0 |
_aClinically oriented anatomy / _cKeith L. Moore, Arthur F. Dalley, Anne M. R. Agur. |
| 250 | _aEighth edition. | ||
| 264 | 1 |
_aPhiladelphia : _bWolters Kluwer, _c[2018]. |
|
| 300 |
_a1153 pages : _billustrations (chiefly color) ; _c28 cm. |
||
| 504 | _aIncludes bibliographical references (pages 1093-1096) and index. | ||
| 505 | 0 | _aOverview and basic concepts -- Back -- Upper limb -- Thorax -- Abdomen -- Pelvis and perineum -- Lower limb -- Head -- Neck -- Cranial nerves. | |
| 650 | 0 |
_aHuman anatomy. _99462 |
|
| 650 | 0 |
_aAnatomy, Pathological. _99463 |
|
| 650 | 1 | 2 |
_aAnatomy _99464 |
| 653 | _aადამიანის ანატომია | ||
| 653 | _aმედიცინა | ||
| 700 | 1 |
_aAgur, A. M. R., _eავტორი _99465 |
|
| 700 | 1 |
_aDalley, Arthur F., _cII, _eავტორი _99466 |
|
| 942 |
_2udc _cBK |
||